000 00458nam a2200181Ia 4500
005 20250326142808.0
008 250326s9999 xx 000 0 und d
037 _aTextbook
040 _aFMSL
_beng
_cFMSL
041 _aeng
_2eng
084 _qFMSL
100 _aWorth T
_9735994
245 0 _aCobal for beginners
_cWorth T
260 _aPrentice-Hall
_bPrentice-Hall, of India
_c1984
300 _a369p
942 _cTB
999 _c1296669
_d1296669